Statistics for Best player per World Cup country

Click here to take the quiz!

General Stats

  • This quiz has been taken 36 times
  • The average score is 25 of 32

Answer Stats

HintAnswer% Correct
Group BEnglandTottenham HotspurHarry Kane
100%
Group HSouth KoreaTottenham HotspurHeung-min Son
100%
Group FBelgiumManchester CityKevin de Bruyne
100%
Group DFranceParis Saint-GermainKylian Mbappe
100%
Group CArgentinaParis Saint-GermainLionel Messi
100%
Group CPolandFC BarcelonaRobert Lewandowski
100%
Group ASenegalFC Bayern MünchenSadio Mane
100%
Group FCanadaFC Bayern MünchenAlphonso Davies
97%
Group HPortugalManchester UnitedCristiano Ronaldo
97%
Group BWalesLos Angeles FCGareth Bale
97%
Group FCroatiaReal MadridLuka Modric
97%
Group GBrazilParis Saint-GermainNeymar Jr.
97%
Group ANetherlandsFC LiverpoolVirgil van Dijk
97%
Group BUSAFC ChelseaChristian Pulisic
94%
Group ECosta RicaParis Saint-GermainKeylor Navas
94%
Group EGermanyFC Bayern MünchenJoshua Kimmich
88%
Group FMoroccoParis Saint-GermainAchraf Hakimi
85%
Group DDenmarkManchester UnitedChristian Eriksen
85%
Group ESpainFC BarcelonaPedri
85%
Group HUruguayFC LiverpoolDarwin Nunez
82%
Group HGhanaFC ArsenalThomas Partey
79%
Group GSerbiaJuventusDusan Vlahovic
76%
Group GSwitzerlandBorussia MönchengladbachYann Sommer
74%
Group CMexicoSSC NapoliHirving Lozano
71%
Group BIranFC PortoMehdi Taremi
71%
Group GCameroonSSC NapoliAndre Zambo Anguissa
59%
Group EJapanAS MonacoTakumi Minamino
50%
Group AEcuadorBrighton & Hove AlbionPervis Estupinan
44%
Group DAustraliaCelticAaron Mooy
35%
Group DTunisia1. FC KölnEllyes Skhiri
24%
Group AQatarAl-Sadd SCAkram Afif
21%
Group CSaudi ArabiaAl-HilalSalem Al-Dawsari
21%

Score Distribution

Percentile by Number Answered

Percent of People with Each Score

Your Score History

You have not taken this quiz